| 000 | 00473nam a22001457a 4500 | ||
|---|---|---|---|
| 005 | 20170111152802.0 | ||
| 008 | 170111b xxu||||| |||| 00| 0 eng d | ||
| 050 | _aLB7.K13 2014 | ||
| 100 |
_aKakanda, Alfred Mukelabai _928253 |
||
| 245 |
_aFoundations of education _bintroductory studies _cby Kakanda, Alfred Mukelabai |
||
| 260 |
_aLusaka _bThe University of Zambia Press _c2014 |
||
| 300 |
_aix, 246p.; _c21cm. |
||
| 650 |
_aEducation _918163 |
||
| 942 |
_2lcc _cMONOGRAPH |
||
| 999 |
_c125948 _d125948 |
||